|
|
|
|
| LEADER |
00000nab a2200000 a 4500 |
| 001 |
vtls000748724 |
| 003 |
SK-MaSNL |
| 005 |
20260304182417.0 |
| 008 |
250429c1999 xo 0 slo |
| 015 |
|
|
|a SNBRB2000/12-35514
|
| 035 |
|
|
|a CLN000100546
|
| 035 |
|
|
|a urn:nbn:sk:snk-ab2eji
|
| 035 |
|
|
|a (urnnbn)urn:nbn:sk:snk:ar-a0295n
|
| 035 |
|
|
|a (uuid)3d9dcc26-d459-4f73-94d8-d8eab6b9bbd3
|
| 040 |
|
|
|a SNKBUCL
|b slo
|c SNKBUCL
|e AACR2
|
| 041 |
0 |
|
|a eng
|
| 044 |
|
|
|a xo
|c SK
|
| 080 |
|
|
|a 616.988.1
|2 1997
|
| 080 |
|
|
|a 578.7
|2 1997
|
| 100 |
1 |
|
|a Schünemann, S.
|4 aut
|9 1513420
|
| 245 |
1 |
0 |
|a No acute varicella-zoster virus replication in peripheral blood mononuclear cells during postherpetic neuralgia
|c S. Schünemann, C. Mainka, M. H. Wolf
|
| 300 |
|
|
|b Tab.
|
| 504 |
|
|
|a Res. angl.
|
| 504 |
|
|
|a Bibliogr. odkazy
|
| 650 |
0 |
7 |
|a vírus varicella-herpes zoster
|2 snkbucl
|9 1513421
|
| 650 |
0 |
7 |
|a postherpetická neuralgia
|2 snkbucl
|9 1513397
|
| 650 |
0 |
7 |
|a kiahne ovčie
|2 snkbucl
|9 1002919
|
| 650 |
0 |
7 |
|a leukocyty mononukleárne
|2 snkbucl
|9 1513422
|
| 650 |
0 |
7 |
|a replikácia vírusov
|2 snkbucl
|9 853662
|
| 650 |
0 |
7 |
|a neuralgia
|2 snkbucl
|9 19084
|
| 655 |
|
7 |
|a články z novín a časopisov
|2 snkbucl
|9 267496
|
| 700 |
1 |
|
|a Mainka, C.
|4 aut
|9 1513423
|
| 700 |
1 |
|
|a Wolf, M.H.
|4 aut
|9 1513424
|
| 773 |
0 |
|
|t Acta virologica
|g Roč. 43, č. 6 (1999), s. 337-340
|x 001-723X
|
| 850 |
|
|
|a Slovenská národná knižnica
|
| 852 |
|
|
|a Slovenská národná knižnica
|
| 958 |
|
|
|a article27
|
| 958 |
|
|
|a NB
|
| 958 |
|
|
|a MI
|
| 958 |
|
|
|a OND
|
| 958 |
|
|
|a EUIPO
|
| 992 |
|
|
|a RBX
|
| 999 |
|
|
|c 3029235
|d 3031165
|